000 00851nam a2200253Ia 4500
003 OSt
005 20220926022424.0
006 a|||||r|||| 00| 0
007 ta
008 220923b |||||||| |||| 00| 0 eng d
037 _cGeneral Book
040 _aRTL
_cRTL
_beng
041 _2eng
_aeng
082 _aX9(J5):75, L4
110 _aUnited Nations. Industrial Development Organization
_9236254
245 0 _aPre-investment considerations and appropriate industrial planning in the vegetable oil industry
260 _aNew York
_bUnited Nations U. S. A.
_c1974
300 _avii, 32p.
_ccm.
500 _aSales No. : E.74.II.B.6
650 _aVegetable Oil Industry
_9242569
700 _aUnited Nations. Industrial Development Organization
_9236255
942 _hX9(J5):75, L4
_cGB
_2CC
999 _c639437
_d639437